Cultura Geral 10 - Statistics

Estatísticas Gerais
  • Esse quiz foi jogado 401 vezes
  • A pontuação média é 11 de 15
Estatísticas das Respostas
Hint Resposta % Correto
O Brasil foi colônia de qual país? Portugal
96%
Qual é o continente mais populoso do mundo? Ásia
95%
Qual é o menor número primo? 2
94%
Em que oceano fica Madagascar? Índico
93%
Onde fica Machu Picchu, também chamada "cidade perdida dos incas"? Peru
91%
Um ângulo de 90° é considerado uma ângulo? Reto
91%
Em que país se localizava Auschwitz, o maior campo de concentração nazista? Polónia
84%
Qual o idioma oficial do Egito? Árabe
80%
Qual o número é representado pelos números romanos "XL"? 40
76%
De onde é a invenção do chuveiro elétrico? Brasil
69%
Lady Di era o apelido de qual personalidade? Diana
64%
Qual arte marcial não permite utilizar os pés para dar golpes? Boxe
62%
Em qual local da Ásia o português é língua oficial? Macau
58%
Quais são as duas primeiras palavras da Bíblia? No princípio
36%
Qual a maior ilha do mundo? Gronelândia
26%
Nenhum quiz correspondente encontrado
Distribuição das Pontuações
Porcentagem de Pessoas com Cada Pontuação
Percentil de Números Respondidos
Sua Pontuação Histórica
Você não jogou esse quiz